000 00479nam a22001937a 4500
003 MPLRDC
005 20220104142706.0
008 210129b ||||| |||| 00| 0 eng d
020 _a957-502-041-3
082 _a857.623 DMY v.25
100 _a王觉
245 _a不可知的法力
_c
250 _a初版
260 _a
_b新月文化事业股份有限公司
_c1996
300 _b
490 _a大魔域. 25
650 _a灵异小说
942 _cBK
_o857.623 DMY v.25
999 _c32932
_d32922